[Event "Provence-ch Majeur op 9495"]
[Site "France"]
[Date "1994.??.??"]
[Round "6"]
[White "Poggio, Pierre"]
[Black "Refalo, JM."]
[Result "1-0"]
[WhiteElo "1860"]
[BlackElo "1770"]
[PlyCount "49"]
[EventDate "1994.??.??"]
[EventType "swiss"]
[EventRounds "9"]
[EventCountry "FRA"]
[SourceTitle "EXT 2005"]
[Source "ChessBase"]
[SourceDate "2004.11.15"]
[SourceVersion "1"]
[SourceVersionDate "2004.11.15"]
[SourceQuality "1"]

1. c4 Nf6 2. Nc3 e5 3. g3 d5 4. cxd5 Nxd5 5. Bg2 Nb6 6. b3 Be7 7. Bb2 0-0 8. Rc1 Nc6 9. Nf3 Be6 10. 0-0 f5 11. d3 Qd7 12. Nb5 Bd6 13. Nxd6 cxd6 14. Ng5 Rac8 15. Nxe6 Qxe6 16. Qd2 d5 17. Rc5 Ne7 18. Rfc1 Nc4 19. Bxd5 Nxd5 20. R5xc4 Rxc4 21. dxc4 Nf6 22. Rd1 e4 23. Qg5 g6 24. Ba3 Re8 25. Rd6 1-0

[Event "Provence-ch access Vitrolles 9394"]
[Site "France"]
[Date "1993.??.??"]
[Round "6"]
[White "Deleau, Denis"]
[Black "Poggio, Pierre"]
[Result "1/2-1/2"]
[WhiteElo "1870"]
[BlackElo "1760"]
[PlyCount "67"]
[EventDate "1993.??.??"]
[EventType "tourn"]
[EventRounds "9"]
[EventCountry "FRA"]
[SourceTitle "EXT 2005"]
[Source "ChessBase"]
[SourceDate "2004.11.15"]
[SourceVersion "1"]
[SourceVersionDate "2004.11.15"]
[SourceQuality "1"]

1. e4 b6 2. d4 Bb7 3. Bd3 e6 4. Nf3 Nf6 5. Bg5 Be7 6. Nbd2 h6 7. Bxf6 Bxf6 8. c3 d6 9. Qe2 a5 10. a4 Be7 11. 0-0 Nd7 12. Ne1 0-0 13. f4 c5 14. Nc2 d5 15. Ne3 cxd4 16. cxd4 dxe4 17. Bxe4 Bxe4 18. Nxe4 Nf6 19. Qd3 Nxe4 20. Qxe4 Bf6 21. Rfd1 Re8 22. Nc4 Rc8 23. Ne5 Qd6 24. Rac1 Rxc1 25. Rxc1 Qb4 26. Kh1 Bxe5 27. fxe5 Qxb2 28. Rb1 Rc8 29. h3 Rc1+ 30. Rxc1 Qxc1+ 31. Kh2 Qc4 32. Qa8+ Kh7 33. Qe4+ Kg8 34. Qa8+ 1/2-1/2

[Event "Provence-ch access Vitrolles 9394"]
[Site "France"]
[Date "1993.??.??"]
[Round "1"]
[White "Orsini, Patrick"]
[Black "Poggio, Pierre"]
[Result "0-1"]
[WhiteElo "1820"]
[BlackElo "1760"]
[PlyCount "44"]
[EventDate "1993.??.??"]
[EventType "tourn"]
[EventRounds "9"]
[EventCountry "FRA"]
[SourceTitle "EXT 2005"]
[Source "ChessBase"]
[SourceDate "2004.11.15"]
[SourceVersion "1"]
[SourceVersionDate "2004.11.15"]
[SourceQuality "1"]

1. e4 Nf6 2. Nc3 e5 3. f4 d5 4. exd5 Nxd5 5. Nge2 Bg4 6. Nxd5 Qxd5 7. Nc3 Qe6 8. Be2 exf4 9. Kf2 Bxe2 10. Nxe2 Bd6 11. d4 Qf6 12. Qd3 0-0 13. Bd2 Nd7 14. Raf1 Rfe8 15. b3 Re7 16. c4 c5 17. Nc3 Rae8 18. Re1 Qh4+ 19. g3 fxg3+ 20. Kg2 Rxe1 21. Bxe1 Rxe1 22. Rxe1 Qxh2+ 0-1

[Event "Provence-ch Majeur op 9293"]
[Site "France"]
[Date "1992.??.??"]
[Round "3"]
[White "Girard, Jean Pierre"]
[Black "Poggio, Pierre"]
[Result "1/2-1/2"]
[WhiteElo "1880"]
[BlackElo "1760"]
[PlyCount "74"]
[EventDate "1992.??.??"]
[EventType "swiss"]
[EventRounds "9"]
[EventCountry "FRA"]
[SourceTitle "EXT 2005"]
[Source "ChessBase"]
[SourceDate "2004.11.15"]
[SourceVersion "1"]
[SourceVersionDate "2004.11.15"]
[SourceQuality "1"]

1. e4 e5 2. Nf3 Nf6 3. Nxe5 d6 4. Nf3 Nxe4 5. d4 d5 6. Bd3 Be7 7. 0-0 0-0 8. c4 c6 9. Nc3 Nxc3 10. bxc3 Bg4 11. h3 Bh5 12. Rb1 b6 13. Re1 Nd7 14. cxd5 cxd5 15. Rb5 Nf6 16. c4 a6 17. Rb3 Re8 18. cxd5 Nxd5 19. Be4 b5 20. g4 Bg6 21. Bxd5 Qxd5 22. Rbe3 Kf8 23. Rxe7 Rxe7 24. Ba3 Rae8 25. Rxe7 Rxe7 26. Qc1 Ke8 27. Bxe7 Kxe7 28. Ne5 Qd6 29. Qc8 Be4 30. Qc3 f6 31. Nd3 Bxd3 32. Qxd3 g6 33. Kf1 Qd5 34. Qa3+ Kd7 35. Qxa6 Qh1+ 36. Ke2 Qe4+ 37. Kf1 Qh1+ 1/2-1/2

[Event "Provence-ch Majeur op 9293"]
[Site "France"]
[Date "1992.??.??"]
[Round "8"]
[White "Poggio, Pierre"]
[Black "Roger, Patrick"]
[Result "1/2-1/2"]
[WhiteElo "1760"]
[BlackElo "1780"]
[PlyCount "58"]
[EventDate "1992.??.??"]
[EventType "swiss"]
[EventRounds "9"]
[EventCountry "FRA"]
[SourceTitle "EXT 2005"]
[Source "ChessBase"]
[SourceDate "2004.11.15"]
[SourceVersion "1"]
[SourceVersionDate "2004.11.15"]
[SourceQuality "1"]

1. d4 d5 2. Nf3 Nf6 3. c4 e6 4. Nc3 Be7 5. Bf4 c6 6. e3 0-0 7. h3 Nbd7 8. cxd5 Nxd5 9. Nxd5 exd5 10. Bd3 Qa5+ 11. Kf1 Nf6 12. g4 Ne4 13. Qc2 f5 14. gxf5 Bxf5 15. Be5 Rf7 16. Ke2 Raf8 17. Rh2 Bg6 18. Bf4 Qd8 19. Ne5 Rxf4 20. exf4 Rxf4 21. Nxg6 hxg6 22. Rg1 Qf8 23. Bxe4 Rxe4+ 24. Kf1 Qf5 25. Qd2 Bf6 26. Rg4 Rxg4 27. hxg4 Qb1+ 28. Qe1 Qxe1+ 29. Kxe1 Bxd4 1/2-1/2

[Event "Provence-chB"]
[Site "Provence"]
[Date "1990.??.??"]
[Round "3"]
[White "Poggio, Pierre"]
[Black "Madranges, Jean"]
[Result "1-0"]
[WhiteElo "1700"]
[BlackElo "1780"]
[PlyCount "79"]
[EventDate "1990.??.??"]
[EventType "swiss"]
[EventRounds "7"]
[EventCountry "FRA"]
[SourceTitle "EXT 2005"]
[Source "ChessBase"]
[SourceDate "2004.11.15"]
[SourceVersion "1"]
[SourceVersionDate "2004.11.15"]
[SourceQuality "1"]

1. e4 d6 2. d4 Nf6 3. Nc3 g6 4. Bg5 Bg7 5. Qd2 c6 6. 0-0-0 b5 7. f3 b4 8. Nce2 a5 9. g4 h6 10. Bf4 Be6 11. Kb1 Nbd7 12. h4 Nb6 13. Nc1 Nc4 14. Bxc4 Bxc4 15. Nh3 Qb6 16. g5 hxg5 17. hxg5 Nh5 18. e5 Nxf4 19. Qxf4 dxe5 20. dxe5 Be6 21. Qg3 Rd8 22. Nf2 Rxd1 23. Rxd1 Qe3 24. Ng4 Qb6 25. f4 Bd5 26. Nb3 a4 27. Nc1 Be4 28. Re1 Bf5 29. Nf6+ Kf8 30. Qg2 Rh3 31. Rh1 Rxh1 32. Qxh1 Qf2 33. Qxc6 Qxc2+ 34. Qxc2 Bxc2+ 35. Kxc2 exf6 36. exf6 Bxf6 37. gxf6 Ke8 38. Kd3 Kd7 39. Ke4 Ke6 40. Nd3 1-0

[Event "Provence-chB"]
[Site "Provence"]
[Date "1990.??.??"]
[Round "7"]
[White "Spiteri, Jean"]
[Black "Poggio, Pierre"]
[Result "1-0"]
[WhiteElo "1700"]
[BlackElo "1700"]
[PlyCount "81"]
[EventDate "1990.??.??"]
[EventType "swiss"]
[EventRounds "7"]
[EventCountry "FRA"]
[SourceTitle "EXT 2005"]
[Source "ChessBase"]
[SourceDate "2004.11.15"]
[SourceVersion "1"]
[SourceVersionDate "2004.11.15"]
[SourceQuality "1"]

1. e4 c6 2. d3 g6 3. Nf3 Bg7 4. Be2 Nf6 5. 0-0 d6 6. a4 a5 7. Nc3 Na6 8. d4 Nc7 9. h3 b6 10. Be3 Ba6 11. d5 Bxe2 12. Qxe2 c5 13. Nd2 0-0 14. Nc4 Rb8 15. Qd2 Nd7 16. Bh6 Bxh6 17. Qxh6 Ne5 18. Nd2 f5 19. f4 Nf7 20. Qh4 e6 21. Qg3 Nh6 22. Qd3 exd5 23. Nxd5 Nxd5 24. Qxd5+ Kg7 25. Nc4 Rf6 26. Rad1 Nf7 27. e5 dxe5 28. fxe5 Qxd5 29. exf6+ Kxf6 30. Rxd5 b5 31. axb5 Rxb5 32. b3 Ng5 33. Ra1 Ke6 34. Rd2 Ne4 35. Re2 Rb7 36. Rxa5 Rd7 37. Rxc5 Kf6 38. Rc6+ Kg5 39. Kh2 h5 40. Ne5 Rd2 41. Rxg6+ 1-0